000 00335 a2200157 4500
001 161011
020 _a
040 _cMagnum
100 _aLukacs, John
240 1 0 _aA ultima guerra europeia
_lpor
245 1 0 _aA ultima guerra europeia
362 0 _a1899
440 1 _aNova Fronteira
697 _aHISTORIA GERAL
942 _cBK
999 _c161011
_d161011